| 000 | 00000nam##2200000za#4500 |
| 001 | 9.671001 |
| 003 | CaOODSP |
| 005 | 20210615125857 |
| 007 | ta |
| 008 | 150407|2009||||xxc||||| f|0| 0 eng|d |
| 020 | |a978-0-662-06562-3 |
| 040 | |aCaOODSP|beng |
| 041 | |aeng |
| 041 | |afre |
| 043 | |an-cn--- |
| 086 | 1 |aH128-1/09-576 |
| 110 | 1 |aCanada. |bHealth Canada. |bHealthy Environments and Consumer Safety Branch. |
| 245 | 10|aDanger! Furniture and televisions can tip over onto children |
| 260 | |aOttawa - Ontario : |bHealth Canada. |cc2009. |
| 300 | |a1 folded sheet (English text, [3]p.) : |billus. ; |c22 cm. |
| 563 | |aPamphlet |
| 590 | |a09-12|b2009-03-20 |
| 690 | 07|aChild safety|2gcpds |
| 776 | 0#|tAttention! Des meubles et télévisions peuvent basculer et tomber sur des enfants |w(CaOODSP)9.643643 |
| 776 | 0#|tDanger! Furniture and televisions can tip over onto children |w(CaOODSP)9.699667 |
| 792 | |tAttention! Des meubles et télévisions peuvent basculer et tomber sur des enfants |efre|w(CaOODSP)9.671002 |